| 000 | 01088nam a2200277 a 4500 | ||
|---|---|---|---|
| 001 | BRCA_686 | ||
| 005 | 20190320203115.0 | ||
| 008 | 000827s2000 mx-a---##b---#000-0#spa-d | ||
| 020 | _a9706830081 | ||
| 040 |
_aNjUpM _cNjUpM _dNN |
||
| 041 | _aspaeng | ||
| 050 | 4 |
_aNK844 _b.U86 7 _c2000 |
|
| 100 | 1 |
_aRodríguez Zahar, León _92262 |
|
| 245 | 1 | 0 |
_aTaracea _bislámica y mudéjar _cLeón R. Zahar. |
| 260 |
_aMéxico _bMuseo Franz Mayer : Artes de México : Museo Soumaya _c2000 |
||
| 300 |
_a95 p. _bil. a color _c23 cm. |
||
| 440 | 0 |
_aColección Uso y estilo _v7 _92263 |
|
| 500 | _aCatálogo de la exposición realizada en el Museo Franz Mayer (Ciudad de México), 1 junio - 6 agosto, 2000 | ||
| 500 | _a2 ejemplares en Biblioteca, 1 ejemplar en el Área de Investigación y 1 ejemplar en Oficina Biblioteca | ||
| 504 | _aBibliografía: p. 95 | ||
| 546 | _aTexto en: inglés y español | ||
| 650 | 1 | 4 |
_aMarquetería _vExposiciones _zMéxico _92264 |
| 650 | 1 | 4 |
_aArte islámico _vExposiciones _xInfluencia _92265 |
| 710 | 2 |
_aMuseo Franz Mayer (Ciudad de México) _92266 |
|
| 942 |
_2lcc _cB |
||
| 999 |
_c592 _d592 |
||